LIBRARY ONLINE CATALOGUE

Understanding Common Law Legislation (Record no. 15675)

MARC details
000 -LEADER
fixed length control field 00507nam a22001577a 4500
008 - FIXED-LENGTH DATA ELEMENTS--GENERAL INFORMATION
fixed length control field 160212b xxu||||| |||| 00| 0 eng d
020 ## - INTERNATIONAL STANDARD BOOK NUMBER
International Standard Book Number 0195669037
040 ## - CATALOGING SOURCE
Original cataloging agency KABU
Transcribing agency KABU
100 ## - MAIN ENTRY--PERSONAL NAME
Personal name Bennion F.A.R
245 ## - TITLE STATEMENT
Title Understanding Common Law Legislation
Remainder of title Drafting and Interpretation
Statement of responsibility, etc. F.A.R Bennion
260 ## - PUBLICATION, DISTRIBUTION, ETC. (IMPRINT)
Place of publication, distribution, etc. USA
Name of publisher, distributor, etc. Oxford University Press
Date of publication, distribution, etc. 2001
300 ## - PHYSICAL DESCRIPTION
Extent xxx, 237p.
650 ## - SUBJECT ADDED ENTRY--TOPICAL TERM
Topical term or geographic name as entry element Law
Form subdivision Interpretation and Construction
650 ## - SUBJECT ADDED ENTRY--TOPICAL TERM
Topical term or geographic name as entry element Legislation
942 ## - ADDED ENTRY ELEMENTS (KOHA)
Source of classification or shelving scheme Library of Congress Classification
Koha item type General Collection
Classification part K284
Call number prefix .B46 2001 C.1

No items available.